Plane and spherical trigonometry / (Record no. 1297)
[ view plain ]
| 000 -LEADER | |
|---|---|
| fixed length control field | 00676nam a22002057a 4500 |
| 005 - DATE AND TIME OF LATEST TRANSACTION | |
| control field | 20230220033255.0 |
| 008 - FIXED-LENGTH DATA ELEMENTS--GENERAL INFORMATION | |
| fixed length control field | 230220b |||||||| |||| 00| 0 eng d |
| 020 ## - INTERNATIONAL STANDARD BOOK NUMBER | |
| International Standard Book Number | 971-08-1917-8 |
| 082 ## - DEWEY DECIMAL CLASSIFICATION NUMBER | |
| Classification number | 516.24 K29 1978 |
| 100 ## - MAIN ENTRY--PERSONAL NAME | |
| Personal name | Kells, Lyman M. |
| Relator term | author |
| 245 ## - TITLE STATEMENT | |
| Title | Plane and spherical trigonometry / |
| Statement of responsibility, etc. | Lyman M. Kells, Willis F. Kern, James R. Bland |
| 250 ## - EDITION STATEMENT | |
| Edition statement | 3rd ed. |
| 260 ## - PUBLICATION, DISTRIBUTION, ETC. | |
| Place of publication, distribution, etc. | [Mandaluyong City]: |
| Name of publisher, distributor, etc. | National Book Store, [distributor], |
| Date of publication, distribution, etc. | c1978 |
| 300 ## - PHYSICAL DESCRIPTION | |
| Extent | ix, 290p. |
| 500 ## - GENERAL NOTE | |
| General note | Originally published: McGraw-Hill, 1951 |
| 541 ## - IMMEDIATE SOURCE OF ACQUISITION NOTE | |
| Accession number | 4798 c.1, 4799 c.2, 4800 c.3 |
| 650 ## - SUBJECT ADDED ENTRY--TOPICAL TERM | |
| Topical term or geographic name entry element | Trigonometry |
| 700 ## - ADDED ENTRY--PERSONAL NAME | |
| Personal name | Kern, Willis F. |
| Relator term | author |
| 700 ## - ADDED ENTRY--PERSONAL NAME | |
| Personal name | Bland, James R. |
| Relator term | author |
| Withdrawn status | Lost status | Source of classification or shelving scheme | Damaged status | Not for loan | Home library | Current library | Date acquired | Total Checkouts | Full call number | Barcode | Date last seen | Copy number | Price effective from | Koha item type |
|---|---|---|---|---|---|---|---|---|---|---|---|---|---|---|
| Dewey Decimal Classification | ctu-moalboal | ctu-moalboal | 05/06/2016 | 516.24 K29 1978 | 4798 | 02/20/2023 | 1 | 02/20/2023 | Books-Reference | |||||
| Dewey Decimal Classification | ctu-moalboal | ctu-moalboal | 05/06/2016 | 516.24 K29 1978 | 4799 | 02/20/2023 | 2 | 02/20/2023 | Books-Reference | |||||
| Dewey Decimal Classification | ctu-moalboal | ctu-moalboal | 05/06/2016 | 516.24 K29 1978 | 4800 | 02/20/2023 | 3 | 02/20/2023 | Books-Reference |